000
00193 a2200097 4500
001
17418
100
_a
Munir
245
_a
From jinnah to zia
260
_a
_b
Vangaurd
_c
090
_c
12871
_d
12871
942
_a
NUST-CAE
_c
M
_c
3193
999
_c
252491
_d
252491